Elements of scientific inquiry

Αποθηκεύτηκε σε:
Λεπτομέρειες βιβλιογραφικής εγγραφής
Κύριος συγγραφέας: Martin, Eric 1962-
Άλλοι συγγραφείς: Osherson, Daniel N.
Μορφή: Βιβλίο
Γλώσσα:English
Δημοσίευση: Cambridge, Mass. : MIT Press, c1998
Θέματα:
Ετικέτες: Προσθήκη ετικέτας
Δεν υπάρχουν, Καταχωρήστε ετικέτα πρώτοι!

MARC

LEADER 00000nam a2200000 i 4500
001 1/70393
008 050125s1998 eng d
020 |a 0-262-13342-3 (hardcover : alk. paper) 
035 |l 10076211 
040 |a GR-MY-UA  |b gre  |e aacr 
041 0 |a eng 
082 0 |a 001.42015118  |2 (21) 
100 1 |a Martin, Eric  |d 1962- 
245 1 0 |a Elements of scientific inquiry /  |c Eric Martin and Daniel Osherson 
260 |a Cambridge, Mass. :   |b MIT Press,   |c c1998 
300 |a xii, 270 σ.;  |c 24 εκ. 
500 |a Στη σελίδα τίτλου: "A Bradford Book" 
504 |a Περιλαμβάνει βιβλιογραφία (σ. [259]-264) και ευρετήριο. 
650 0 0 |a Research  |x Methodology. 
650 0 0 |a Logic, Symbolic and mathematical. 
700 1 |a Osherson, Daniel N. 
852 |a INST  |b SYROS  |e 20050125  |h 001.42015118 MAR  |p 005500003904  |q 005500003904  |t BK  |y 0 
901 |a BIBL5-2005-1 
909 |a Ε  |b 116795 
920 |a ΔΙΕΥΡΥΝΣΗ  |b ΕΠΕΑΕΚ-ΤΜΣΠΣ  |y ΣΥΡΟΣ  |z 2004-10 
970 |a ΚΑΓΙΑΒΑ  |b ΕΙΡΗΝΗ  |z 2005/01/25